banner-ar

المحمل الشريف ورحلته الى الحرمين الشريفين / (Record no. 63782)

MARC details
000 -الفاتح
حقل البيانات ثابتة الطول 01084nam a22002777a 4500
005 - وقت وتاريخ اخر تعامل مع التسجيلة
رقم الضبط 20240530110658.0
008 - عناصر البيانات ثابتة الطول - معلومات عامة
حقل البيانات ثابتة الطول 171223s2015 ua ao g b 000 0 ara d
017 ## - رقم الايداع القانونى
المصدر ( الهيئة المختصة) مصر. دار الكتب
020 ## - الرقم الدولى المعيارى للكتب
الرقم الدولى المعيارى للكتاب 9789776183865
040 ## - مصدر الفهرسة
وكالة الفهرسة الأصلية EG-CaGPL
وكالة النسخ EG-CaGPL
082 04 - رقم تصنيف ديوى العشرى
رقم الطبعة 21
رقم التصنيف 215.1\
رقم المادة ى م
100 0# - المدخل الرئيسى - إسم شخصى
الإسم الشخصى يوسف جاغلار
245 12 - بيان العنوان
العنوان المحمل الشريف ورحلته الى الحرمين الشريفين /
بيان المسئوليه,etc اعداد يوسف جاغلار ، صالح كولن ؛ ترجمة حازم سعيد منتصر ، احمد كمال .
250 ## - بيان الطبعة
بيان الطبعة ط.1
260 ## - PUBLICATION, DISTRIBUTION, ETC. (IMPRINT)
تاريخ النشر أو التوزيع 2014 .
300 ## - الوصف المادى
التعداد 327 ص. :
تفاصيل ماديه اخرى للوعاء صور لو ؛
أبعاد الوعاء 24 سم.
650 07 - المدخل الاضافى بالموضوع-مصطلح موضوعى
مصدر الرأس أو المصطلح qrmak
مصطلح موضوعي كسوة الكعبة
650 07 - المدخل الاضافى بالموضوع-مصطلح موضوعى
مصدر الرأس أو المصطلح qrmak
مصطلح موضوعي قوافل الحج
650 07 - المدخل الاضافى بالموضوع-مصطلح موضوعى
مصدر الرأس أو المصطلح qrmak
مصطلح موضوعي الكعبة
650 07 - المدخل الاضافى بالموضوع-مصطلح موضوعى
مصدر الرأس أو المصطلح qrmak
مصطلح موضوعي التراث الاسلامى
700 0# - المدخل الاضافى - اسم شخصى
الإسم الشخصى صالح كولن
الدور معد .
700 0# - المدخل الاضافى - اسم شخصى
الإسم الشخصى احمد كمال
الدور مترجم .
700 0# - المدخل الاضافى - اسم شخصى
الإسم الشخصى حازم سعيد منتصر
الدور مترجم .
942 ## - عناصر المدخل الإضافي( كوها)
مصدر التصنيف او مخطط الترفيف Dewey Decimal Classification
Koha [default] item type كتاب
260 ## - PUBLICATION, DISTRIBUTION, ETC. (IMPRINT)
-- القاهرة :
-- دار النيل ،
Holdings
حالة التراجع حالة الفقد حالة تلف ليس للاعارة المكان المؤقت الموقع الحالى موقع الترفيف تاريخ الاكتساب اجمالي اﻻعارات رقم الطلب الباركود تاريخ اخر مشاهدة تاريخ تفعيل السعر نوع وعاء كوها
        مكتبة القاهرة الكبرى مكتبة القاهرة الكبرى القاعة الرئيسية 12/25/2017   215.1\ ى م 163892 12/25/2017 12/25/2017 كتاب

Powered By

EGPV